01014nam a2200229 a 45000010005000000030010000050050017000150080041000320400025000730800032000980900041001301100050001712450127002212600032003483000035003805000141004156500019005566500038005759420012006139520144006259990015007691540BR-CuiBMT20231214220116.0231214s2013 dfb 000 0 por d aBR-CuiBMTcBR-CuiBMT a364.6-056.262:342.53122007 dBrailea364.6-056.262:342.531bB823p1 aBrasil.bCongresso Nacional.cSenado Federal.10aPolítica de acessibilidade do Senado Federal :bato da comissão diretora nº 15, de 2013 /cSenado Federal .h[braile] aBrasília :bSEEP ,c2013. a7 p., [14] f. em brailec28 cm aTranscrição em Braile do texto publicado no Boletim Administrativo do Senado Federal, Seção II, no 5252, de 26 de junho de 2013. aAcessibilidade aSenado FederalxRegimentozBrasil 2udccLV 00102udc4070aBIBTCEMTbBIBTCEMTd2023-12-14l0oBraile 364.6-056.262:342.531 B823ppBIBTCEMT23120513r2023-12-14tEx. 1w2023-12-14yLV c1540d1540